000 00404nam a2200181Ia 4500
005 20250603145850.0
008 250603s9999 xx 000 0 und d
020 _a9780495908937
050 _aPN 2101 .B72/
100 _aBrockett, G. Oscar
245 4 _aThe essential theatre
260 _aBoston
260 _bWadsworth
260 _c2011
300 _a459 p
650 _aBoston
942 _cBK
999 _c43087
_d43087